Statistiques concernant Les 10 pires plats de la cantine

Cliquez ici pour prendre le quiz!

Statistiques générales

  • Ce quiz a été pris 63 fois
  • Le résultat moyen est 4 sur 16

Statistiques - réponses

Réponse% Correct
Riz
90%
Purée
76%
Hachis Parmentier
49%
Épinards
27%
Quenelles
20%
Salsifis
19%
Beignets de Calamar
15%
Gratin de chou-fleur
15%
Langue de Boeuf
14%
Salade de Betterave
14%
Brandade de Morue
8%
Endives aux jambon
8%
Macédoine de Légumes
8%
Céleri Rémoulade
7%
Terrine de Poisson
5%
Filet de Poisson
0%

Distribution des résultats

Percentile par nombre de réponses

% des personnes avec chaque résultat

Votre développement - résultats

Vous n’avez pas pris ce quiz